| 000 | 00711nam a2200205 4500 | ||
|---|---|---|---|
| 001 | 137216 | ||
| 003 | ES-MaACL | ||
| 005 | 20230906195331.0 | ||
| 007 | t| | ||
| 008 | 070214s1967 sp r ||||1| spa d | ||
| 100 | 1 |
_aMonestier, André. _982174 |
|
| 245 | 1 | 0 |
_aA favor de Teilhard de Chardin / _cAndré Monestier. |
| 260 |
_aBarcelona : _bPomaire, _c1967. |
||
| 300 |
_a2 t. en 1 vol. ; _c20 cm. |
||
| 505 | 8 | _aContiene además con portada propia: En contra de Teilhard de Chardin de Louis Salleron ; traducción de J. F. Vidal Jové | |
| 700 | 1 |
_aSalleron, Louis. _9101979 |
|
| 700 | 1 |
_aVidal Jové, J. F. _9114497 |
|
| 740 | 0 | _aEn contra de Teilhard de Chardin. | |
| 852 |
_aES-MaACL _jC-34226 _bR.64856 |
||
| 999 |
_c137216 _d137216 |
||